BSOP header

Service in Christ: (Record no. 42414)

MARC details
000 -LEADER
fixed length control field 01629cam a22002771 4500
001 - CONTROL NUMBER
control field 10348338
005 - DATE AND TIME OF LATEST TRANSACTION
control field 20180607112446.0
008 - FIXED-LENGTH DATA ELEMENTS--GENERAL INFORMATION
fixed length control field 780607s1966 enk 010 0 eng
010 ## - LIBRARY OF CONGRESS CONTROL NUMBER
LC control number 66075612
015 ## - NATIONAL BIBLIOGRAPHY NUMBER
National bibliography number B 66-15389
035 ## - SYSTEM CONTROL NUMBER
System control number (OCoLC)3955289
040 ## - CATALOGING SOURCE
Original cataloging agency DLC
Transcribing agency MiGrC
Modifying agency MiGrC
-- Uk
-- IEN
-- DLC
042 ## - AUTHENTICATION CODE
Authentication code premarc
100 1# - MAIN ENTRY--PERSONAL NAME
Personal name McCord, James I.
Fuller form of name (James Iley),
Dates associated with a name 1919-1990,
Relator term ed.
245 10 - TITLE STATEMENT
Title Service in Christ:
Remainder of title essays presented to Karl Barth on his 80th birthday,
Statement of responsibility, etc edited by James I. McCord and T. H. L. Parker.
260 ## - PUBLICATION, DISTRIBUTION, ETC. (IMPRINT)
Place of publication, distribution, etc London,
Name of publisher, distributor, etc Epworth P.,
Date of publication, distribution, etc c1966.
300 ## - PHYSICAL DESCRIPTION
Extent [7] 223 p.
Dimensions 26 cm.
336 ## - CONTENT TYPE
Content Type Term text
337 ## - MEDIA TYPE
Media Type Term unmediated
338 ## - CARRIER TYPE
Carrier Type Term volume
505 0# - FORMATTED CONTENTS NOTE
Formatted contents note Service in Jesus Christ, by T. F. Torrance.--The classical world, by J. B. Skemp.--Old Testament, N. W. Porteous.--New Testament, by C. E. B. Cranfield.--Early Church, by G. W. H. Lampe.--Middle Ages, by G. Barrois.--Reformation: Luther, by J. Atkinson. Butzer, by B. Hall. Calvin, by J. K. S. Reid. England, by G. W. Bromiley.--Puritans, by G. Yule.--Eighteenth and nineteenth centuries, by F. Herzog.--Christological understanding, by W. A. Whitehouse.--Diakonia in some of the churches today: Anglican Communion, by A. M. Ramsey. Roman Catholic, by H. F. Davis. Reformed, by J. L. M. Haire. Methodist, by G. S. Wakefield.--Diakonia in modern conditions, by D. M. Mackinnon.--The church's diakonia in the modern world, by A. A. Brash.--Ecumenical diakonia, by J. C. Smith.
650 #0 - SUBJECT ADDED ENTRY--TOPICAL TERM
Topical term or geographic name as entry element Service (Theology)
700 1# - ADDED ENTRY--PERSONAL NAME
Personal name Parker, T. H. L.
Fuller form of name (Thomas Henry Louis)
Relator term joint ed.
700 1# - ADDED ENTRY--PERSONAL NAME
Personal name Barth, Karl,
Dates associated with a name 1886-1968.
942 ## - ADDED ENTRY ELEMENTS (KOHA)
Source of classification or shelving scheme Library of Congress Classification
Holdings
Withdrawn status Lost status Source of classification or shelving scheme Damaged status Not for loan Home library Current library Shelving location Date acquired Source of acquisition Inventory number Total Checkouts Full call number Barcode Date last seen Price effective from Koha item type
    Library of Congress Classification     BSOP Library BSOP Library GC 06/07/2018 Donation by Drs. George and Anne Harper 41617   BT10 B28 1966 00052617 06/07/2018 06/07/2018 Books
BSOP

Biblical Seminary of the Philippines
  All rights Reserved
  © 2024

CONTACT INFORMATION

Biblical Seminary of the Philippines,
  77-B Karuhatan Road, Valenzuela City,
  PHILIPPINES 1441
  Phone: +632 8292-6795 / 8292-6798
  Fax : +632 8292-6675
  Email: library@bsop.edu.ph